Album archéologique et description des monuments historiques du Gard, (Record no. 22973)
[ view plain ]
| 000 -LEADER | |
|---|---|
| fixed length control field | 00793cam a22002411 4500 |
| 001 - CONTROL NUMBER | |
| control field | f 01003010 |
| 003 - CONTROL NUMBER IDENTIFIER | |
| control field | DLC |
| 005 - DATE AND TIME OF LATEST TRANSACTION | |
| control field | 20260227111245.0 |
| 008 - FIXED-LENGTH DATA ELEMENTS--GENERAL INFORMATION | |
| fixed length control field | 820415s1853 fr ef 000 0 fre |
| 010 ## - LIBRARY OF CONGRESS CONTROL NUMBER | |
| LC control number | f 01003010 |
| 035 ## - SYSTEM CONTROL NUMBER | |
| System control number | (OCoLC)8338562 |
| 040 ## - CATALOGING SOURCE | |
| Original cataloging agency | DLC |
| Transcribing agency | ViU |
| Modifying agency | DLC |
| 042 ## - AUTHENTICATION CODE | |
| Authentication code | premarc |
| 050 00 - LIBRARY OF CONGRESS CALL NUMBER | |
| Classification number | NA1049.G2 |
| Item number | D8 |
| 100 1# - MAIN ENTRY--PERSONAL NAME | |
| Personal name | Durant, Simon. |
| 245 10 - TITLE STATEMENT | |
| Title | Album archéologique et description des monuments historiques du Gard, |
| Statement of responsibility, etc. | par Simon Durant, Henri Durand et Eugène Laval. |
| 260 ## - PUBLICATION, DISTRIBUTION, ETC. | |
| Place of publication, distribution, etc. | Nimes, |
| Name of publisher, distributor, etc. | Impr. Soustelle-Gaude, |
| Date of publication, distribution, etc. | 1853. |
| 300 ## - PHYSICAL DESCRIPTION | |
| Extent | xxiii, 108 p. |
| Other physical details | fold. front., plates, plans. |
| Dimensions | 30 cm. |
| 651 #0 - SUBJECT ADDED ENTRY--GEOGRAPHIC NAME | |
| Geographic name | Gard (France) |
| General subdivision | Antiquities. |
| 650 #0 - SUBJECT ADDED ENTRY--TOPICAL TERM | |
| Topical term or geographic name entry element | Architecture |
| Geographic subdivision | France |
| -- | Gard. |
| 700 1# - ADDED ENTRY--PERSONAL NAME | |
| Personal name | Durand, Henri, |
| Relator term | joint author. |
| 700 1# - ADDED ENTRY--PERSONAL NAME | |
| Personal name | Laval, Eugène, |
| Relator term | joint author. |
No items available.